| 000 | 00406nam a2200157Ia 4500 | ||
|---|---|---|---|
| 008 | 230312s9999||||xx |||||||||||||| ||und|| | ||
| 020 | _a81-89757-52-0 | ||
| 082 |
_a621.317 _bSHA-A |
||
| 100 | _aSharma;Sanjay | ||
| 245 | 0 | _aAnalog & Digital Communication | |
| 260 |
_bKatson Books _aIndia _c2012 |
||
| 300 | _a554 | ||
| 546 | _aEng. | ||
| 650 |
_aEngineering _vAnalog & Digital Communication |
||
| 942 | _cBK | ||
| 999 |
_c8592 _d8592 |
||